|
|
|
|
| LEADER |
00000nam0a2200000 4500 |
| 001 |
45261 |
| 005 |
20231101210935.0 |
| 010 |
|
|
|a 5264005761
|
| 035 |
|
|
|a (RuTPU)RU\TPU\book\47042
|
| 090 |
|
|
|a 45261
|
| 100 |
|
|
|a 20021206d2001 m y0rusy50 ca
|
| 101 |
0 |
|
|a rus
|
| 102 |
|
|
|a RU
|
| 105 |
|
|
|a y z 000ay
|
| 200 |
1 |
|
|a Проза
|f В. В. Маяковский
|
| 210 |
|
|
|a Москва
|c Вагриус
|d 2001
|
| 215 |
|
|
|a 221 с.
|
| 225 |
1 |
|
|a Проза Поэта
|
| 610 |
1 |
|
|a проза
|
| 610 |
1 |
|
|a очерки
|
| 610 |
1 |
|
|a статьи
|
| 675 |
|
|
|a Р2
|v 3
|
| 700 |
|
1 |
|a Маяковский
|b В. В.
|c русский поэт
|f 1893-1930
|g Владимир Владимирович
|2 stltpush
|3 (RuTPU)RU\TPU\pers\1040
|9 463
|
| 801 |
|
1 |
|a RU
|b 63413507
|c 20021206
|g PSBO
|
| 801 |
|
2 |
|a RU
|b 63413507
|c 20130614
|g PSBO
|
| 942 |
|
|
|c BK
|